Quiz o wygranych w lidze mistrzów - Statystyki

Ogólne statystyki
  • Ten quiz został rozwiązany 28 razy
  • Średni wynik to 57 z 69
Statystyki odpowiedzi
Hint Odpowiedź % Poprawnych
1974 bayern monachium
100%
1975 bayern monachium
100%
1976 bayern monachium
100%
2001 bayern monachium
100%
2013 bayern monachium
100%
2020 bayern monachium
100%
1992 fc barcelona
100%
2006 fc barcelona
100%
2009 fc barcelona
100%
2011 fc barcelona
100%
2015 fc barcelona
100%
1964 inter
100%
1965 inter
100%
2010 inter
100%
2023 manchester city
100%
1968 manchester united
100%
1999 manchester united
100%
2008 manchester united
100%
1956 real madryt
100%
1957 real madryt
100%
1958 real madryt
100%
1959 real madryt
100%
1960 real madryt
100%
1966 real madryt
100%
1998 real madryt
100%
2000 real madryt
100%
2002 real madryt
100%
2014 real madryt
100%
2016 real madryt
100%
2017 real madryt
100%
2018 real madryt
100%
2022 real madryt
100%
2024 real madryt
100%
1963 ac milan
93%
1969 ac milan
93%
1989 ac milan
93%
1990 ac milan
93%
1994 ac milan
93%
2003 ac milan
93%
2007 ac milan
93%
2012 chelsea
93%
2021 chelsea
93%
1977 liverpool
93%
1978 liverpool
93%
1981 liverpool
93%
1984 liverpool
93%
2005 liverpool
93%
2019 liverpool
93%
1987 fc porto
89%
2004 fc porto
89%
1985 juventus
74%
1996 juventus
74%
1971 ajax
70%
1972 ajax
70%
1973 ajax
70%
1995 ajax
70%
1961 benfica
59%
1962 benfica
59%
1982 aston villa
56%
1967 celtic
48%
1991 crvena zvezda
33%
1997 borusia dortmund
30%
1983 hamburger
30%
1988 psv
30%
1986 steua
22%
1970 feyenoord
19%
1993 olimpique marsylia
7%
1979 forest
4%
1980 forest
4%
Nie znaleziono quizów pasujących do podanych kryteriów
Rozkład punktacji
Procent ludzi z każdym wynikiem
Percentyl według liczby udzielonych odpowiedzi
Twoja historia wyników
Nie rozwiązałeś tego quizu